Fahrtverlauf RE 50 Leipzig - Dresden - Statistiken

Allgemein
  • Dieses Quiz wurde 139 mal gespielt
  • Das Durchschnittsergebnis liegt bei 11 aus 17
Antwortstatistiken
Hint Antwort % Korrekt
VVO Dresden Neustadt
94%
VVO Riesa
91%
VVO Dresden HBF
88%
VVO Dresden Mitte
86%
MDV Leipzig HBF
85%
VVO Coswig
75%
MDV Wurzen
74%
MDV Leipzig Engelsdorf
66%
MDV Oschatz
65%
VVO Weinböhla
61%
MDV Borsdorf
48%
VVO Priestewitz
48%
VVO Nünchritz
47%
MDV Dahlen
46%
MDV Kühren
41%
VVO Niederau
41%
VVO Glaubitz
34%
Keine übereinstimmenden Quizze gefunden
Verteilung der Resultate
Anzahl Personen mit jedem Resultat
Perzentil nach korrekt beantworteten Fragen
Ihre Resultats-Entwicklung
Sie haben dieses Quiz noch nicht gespielt